000 01477nam a2200289Ia 4500
001 B6931
003 IT-RoPAU
008 130308s9999 xx 000 0 und d
040 _aIT-RoPAU
040 _cIT-RoPAU
041 _aFRANCESE
100 _aHamon Philippe
100 _gCodice Aut. SPICS: 5622
245 _aDu descriptif
245 _bDu Descriptif
250 _a1a ed.
260 _aPARIS
260 _bHachette
260 _c1993 [1° Ed.:1993 - Ed.Ling.Originale:1993]
300 _a"248 p. (prefazione: no ; testo: 248 [pagine: 0-0])"
500 _aElementi per una Storia dell'idea di Descrizione. Competenza Descrittiva Enarrativa. Descrittivo e Sapere. Descrittivo e Tassonomia. Esplicazione Descrittiva. Segnali del Descrittivo. Descrittivo e Metalinguaggio. Enunciatodescrittivo e Sua Costruzione Teorica: Tipologia e livelli di Descrizione,Descrittivo ed Effetto Personaggio, Descrittivo e Modalizzazione. Tipologia del Descrittivo: Descrittivo ed Effetti di LeggibilitĂ . Sistema Configurativo della Descrizione: Sguardo Descrittore, Chiacchierone Descrittore, Lavoratore Descrittore, Demarcativo e Sua Stilistica, configurazione Descrittiva e Ideologia. Studio di un topos Descrittivo: tre Esempi da tre Opere: Ventimila leghe sotto I mari di Verne, la Bete Humaine di Zola, le signe di Maupassant. Bibliografia.
650 _aSAGGI DI LINGUISTICA
650 _eCodice materia Spics: 3207
942 _cBK
957 _71
999 _c87933
_d87933
999 _g1